Các dạng bài tập mạch điện xoay chiều không phân nhánh: Dùng cho học sinh 12 ôn thi tú tài
v.v...
Đã lưu trong:
| Tác giả chính: | |
|---|---|
| Định dạng: | Sách |
| Năm xuất bản: |
H.
Đại học sư phạm
2008
|
| Chủ đề: | |
| Tags: |
Thêm thẻ
Không có thẻ, Hãy là người đầu tiên gắn thẻ bản ghi này!
|
| LEADER | 01304nam a2200229 4500 | ||
|---|---|---|---|
| 082 | |a 537.6076 |b H100V | ||
| 100 | |a Hà Văn Chính | ||
| 245 | |a Các dạng bài tập mạch điện xoay chiều không phân nhánh: Dùng cho học sinh 12 ôn thi tú tài |c Hà Văn Chính. | ||
| 260 | |a H. |b Đại học sư phạm |c 2008 | ||
| 300 | |a 199 tr. |c 24 cm | ||
| 520 | |a v.v... | ||
| 653 | |a Vật lý | ||
| 653 | |a Điện xoay chiều | ||
| 653 | |a Lớp 12 | ||
| 653 | |a Bài tập | ||
| 942 | |2 ddc |c STK0 | ||
| 999 | |c 6731 |d 6731 | ||
| 952 | |0 0 |1 0 |2 ddc |4 0 |6 537_607600000000000_H100V |7 0 |8 500 |9 63384 |a qbu |b qbu |c D3 |d 2015-01-22 |g 26000 |o 537.6076 H100V |p 6993.c1 |r 0000-00-00 |w 2015-01-22 |y STK0 | ||
| 952 | |0 0 |1 0 |2 ddc |4 0 |6 537_607600000000000_H100V |7 0 |8 500 |9 63385 |a qbu |b qbu |c D3 |d 2015-01-22 |g 26000 |o 537.6076 H100V |p 6993.c2 |r 0000-00-00 |w 2015-01-22 |y STK0 | ||
| 952 | |0 0 |1 0 |2 ddc |4 0 |6 537_607600000000000_H100V |7 0 |8 500 |9 63386 |a qbu |b qbu |c D3 |d 2015-01-22 |g 26000 |o 537.6076 H100V |p 6993.c3 |r 0000-00-00 |w 2015-01-22 |y STK0 | ||
| 952 | |0 0 |1 0 |2 ddc |4 0 |6 537_607600000000000_H100V |7 0 |8 500 |9 63387 |a qbu |b qbu |c D3 |d 2015-01-22 |g 26000 |o 537.6076 H100V |p 6993.c4 |r 0000-00-00 |w 2015-01-22 |y STK0 | ||
| 952 | |0 0 |1 0 |2 ddc |4 0 |6 537_607600000000000_H100V |7 0 |8 500 |9 63388 |a qbu |b qbu |c D3 |d 2015-01-22 |g 26000 |o 537.6076 H100V |p 6993.c5 |r 0000-00-00 |w 2015-01-22 |y STK0 | ||